Sporcle Trivia Pyramid II Quiz Stats

Quiz Updated Dec 1, 2017

Challenge
Share
Tweet
Embed
Score 0/120 Timer 05:00
3 Plays Today
% Correct
→Name the four
99.8%
Beatles.
99.8%
(or type 'don't
99.8%
know' for
99.8%
something
99.8%
else)
99.8%
$10,000
99.8%
• See the digit that
99.2%
appears after
99.2%
each name?
99.2%
John (8)
98.9%
Ringo (B)
98.9%
Paul (G)
98.8%
George (H)
98%
$10,000
97.4%
Δ $10,000 WINNER Δ
97.4%
→Name what are
97.4%
called the
97.4%
''Big Four''
97.4%
U.S. TV
97.4%
networks.
97.4%
(or 'no idea'
97.4%
for an alternate)
97.4%
ABC (C)
92.4%
NBC (4)
92%
FOX (X)
91.6%
CBS (S)
90.3%
Δ $10,000 WINNER Δ
87%
→ Name the four
87%
classical elements.
87%
(or 'not a clue'
87%
Air (Y)
81.7%
Water (9)
81.6%
►Alternate
81.6%
Fire (E)
81.5%
Earth (P)
81.3%
Δ $10,000 WINNER Δ
80.9%
→ Name an MLB
80.9%
team that starts
80.9%
with each of these
80.9%
% Correct
ΔΔΔΔΔΔΔΔΔΔΔΔΔΔΔΔΔΔΔΔ
76.9%
Rangers, etc. (S)
76.9%
ΔΔΔΔΔΔΔΔΔΔΔΔΔΔΔΔΔΔΔΔ
75.9%
Mariners, etc. (F)
75.9%
ΔΔΔΔΔΔΔΔΔΔΔΔΔΔΔΔΔΔΔΔ
75.5%
Padres, etc. (5)
75.5%
ΔΔΔΔΔΔΔΔΔΔΔΔΔΔΔΔΔΔΔΔ
75.3%
Angels, etc. (K)
75.3%
→Type in the
74.5%
''Alternate
74.1%
question''
74%
ΔΔΔΔΔΔΔΔΔΔΔΔΔΔΔΔΔΔΔΔ
74%
ΔΔΔΔΔΔΔΔΔΔΔΔΔΔΔΔΔΔΔΔ
74%
ΔΔΔΔΔΔΔΔΔΔΔΔΔΔΔΔΔΔΔΔ
74%
Δ $20,000 WINNER Δ
74%
Δ $50,000 TOTAL Δ
74%
last three letters
74%
of each of the
74%
answers.
74%
$20,000
74%
ΔΔΔΔΔΔΔΔΔΔΔΔΔΔΔΔΔΔΔΔ
56.4%
(3-digit code)
56.3%
ΔΔΔΔΔΔΔΔΔΔΔΔΔΔΔΔΔΔΔΔ
54.3%
GAN (V)
54.3%
ΔΔΔΔΔΔΔΔΔΔΔΔΔΔΔΔΔΔΔΔ
49.9%
IRO (2)
49.9%
ΔΔΔΔΔΔΔΔΔΔΔΔΔΔΔΔΔΔΔΔ
42.6%
ITZ (W)
42.6%
ΔΔΔΔΔΔΔΔΔΔΔΔΔΔΔΔΔΔΔΔ
41.9%
ΔΔΔΔΔΔΔΔΔΔΔΔΔΔΔΔΔΔΔΔ
41.9%
ΔΔΔΔΔΔΔΔΔΔΔΔΔΔΔΔΔΔΔΔ
41.9%
ΔΔΔΔΔΔΔΔΔΔΔΔΔΔΔΔΔΔΔΔ
41.9%
ΔΔΔΔΔΔΔΔΔΔΔΔΔΔΔΔΔΔΔΔ
41.9%
ΔΔΔΔΔΔΔΔΔΔΔΔΔΔΔΔΔΔΔΔ
41.9%
ΔΔΔΔΔΔΔΔΔΔΔΔΔΔΔΔΔΔΔΔ
41.9%
ΔΔΔΔΔΔΔΔΔΔΔΔΔΔΔΔΔΔΔΔ
41.9%
ΔΔΔΔΔΔΔΔΔΔΔΔΔΔΔΔΔΔΔΔ
41.9%
ΔΔΔΔΔΔΔΔΔΔΔΔΔΔΔΔΔΔΔΔ
41.9%
ΔΔΔΔΔΔΔΔΔΔΔΔΔΔΔΔΔΔΔΔ
41.9%
ΔΔΔΔΔΔΔΔΔΔΔΔΔΔΔΔΔΔΔΔ
41.9%
% Correct
ΔΔΔΔΔΔΔΔΔΔΔΔΔΔΔΔΔΔΔΔ
41.9%
► ►
41.9%
▼▼
41.9%
▼ LOOK DOWN ▼
41.9%
Δ $20,000 WINNER Δ
41.9%
Δ $50,000 TOTAL Δ
41.9%
◄ ◄
41.9%
ΔΔΔΔΔΔΔΔΔΔΔΔΔΔΔΔΔΔΔΔ
37.7%
ΔΔΔΔΔΔΔΔΔΔΔΔΔΔΔΔΔΔΔΔ
37.7%
44's (J)
37.7%
ΔΔΔΔΔΔΔΔΔΔΔΔΔΔΔΔΔΔΔΔ
36.8%
ΔΔΔΔΔΔΔΔΔΔΔΔΔΔΔΔΔΔΔΔ
36.8%
42's (M)
36.8%
ΔΔΔΔΔΔΔΔΔΔΔΔΔΔΔΔΔΔΔΔ
36.1%
ΔΔΔΔΔΔΔΔΔΔΔΔΔΔΔΔΔΔΔΔ
36.1%
45's (D)
36.1%
ΔΔΔΔΔΔΔΔΔΔΔΔΔΔΔΔΔΔΔΔ
35.4%
ΔΔΔΔΔΔΔΔΔΔΔΔΔΔΔΔΔΔΔΔ
35.4%
43's (6)
35.4%
$$$$$$$$$$$$$$$$$$$$
33.6%
$$$$$$$$$$$$$$$$$$$$
33.6%
$$$$$$$$$$$$$$$$$$$$
33.6%
$$$$$$$$$$$$$$$$$$$$
33.6%
$$$$$$$$$$$$$$$$$$$$
33.6%
$$$$$$$$$$$$$$$$$$$$
33.6%
ΔΔΔΔΔΔΔΔΔΔΔΔΔΔΔΔΔΔΔΔ
33.6%
ΔΔΔΔΔΔΔΔΔΔΔΔΔΔΔΔΔΔΔΔ
33.6%
$$$$$$$$$$$$$$$$$$$$
33.6%
$$$$$$$$$$$$$$$$$$$$
33.6%
ΔΔΔΔΔΔΔΔΔΔΔΔΔΔΔΔΔΔΔΔ
33.6%
ΔΔΔΔΔΔΔΔΔΔΔΔΔΔΔΔΔΔΔΔ
33.6%
$$$$$$$$$$$$$$$$$$$$
33.6%
$$$$$$$$$$$$$$$$$$$$
33.6%
$$$$$$$$$$$$$$$$$$$$
33.6%
$$$$$$$$$$$$$$$$$$$$
33.6%
Δ $100,000 WINNER Δ
33.6%
▲ $100,000 ▲
33.6%
▲ WINNER ▲
33.6%
Δ $30,000 WINNER Δ
33.6%
Δ $100,000 WINNER Δ
33.6%

You're not logged in!

Compare scores with friends on all Sporcle quizzes.
Sign Up with Email
OR
Log In

You Might Also Like...

Show Comments

Extras

Top Quizzes Today


Score Distribution

Your Account Isn't Verified!

In order to create a playlist on Sporcle, you need to verify the email address you used during registration. Go to your Sporcle Settings to finish the process.